| 000 | 01097nam a22002897a 4500 | ||
|---|---|---|---|
| 003 | OSt | ||
| 005 | 20170705153107.0 | ||
| 008 | 170705s2005 le grb 000 0 ara d | ||
| 040 |
_aEG-ScBUE _bara _cEG-ScBUE |
||
| 041 | 1 |
_bara _heng |
|
| 082 | 0 | 4 |
_222 _a144 _bس ع ي |
| 100 | 1 |
_aسعيد، إدوارد، _d1935-2003. |
|
| 245 | 1 | 2 |
_aالأنسنية والنقد الديمقراطي / _cإدوارد سعيد ؛ ترجمة فواز طرابلسي. |
| 246 | 3 | 3 | _aالإنسانية والنقد الديمقراطي. |
| 250 | _aط. 1. | ||
| 260 |
_aبيروت : _bدار الآداب للنشر والتوزيع، _c2005. |
||
| 300 |
_a167 ص. ؛ _c24 سم. |
||
| 504 | _aببليوجرافية : ص. 163-167. | ||
| 546 | _a النص باللغة العربية ؛ مترجم من اللغة الإنجليزية. | ||
| 590 | _aسارة. | ||
| 650 | 7 |
_2BUEsh _aالأدب _xتاريخ ونقد. _915991 |
|
| 650 | 7 |
_2BUEsh _aالإنسانيات _xمناهج. _916524 |
|
| 651 | _2BUEsh | ||
| 653 |
_bGGEN _cJuly2017 |
||
| 700 | 1 |
_aطرابلسي، فواز، _eمترجم. |
|
| 942 | _2ddc | ||
| 999 |
_c24989 _d24961 |
||